| 000 | 01041nam a22002537i 4500 | ||
|---|---|---|---|
| 003 | EG-ScBUE | ||
| 005 | 20260512111934.0 | ||
| 008 | 220731s2025 xxxo fr 000 0aara d | ||
| 040 |
_aEG-ScBUE _beng _erda _cEG-ScBUE _dEG-ScBUE |
||
| 082 | 0 | 4 |
_a539.7092 _bح م ز _222 |
| 100 | 1 |
_aحمزة، أحمد أمين، _eمؤلف. |
|
| 245 | 1 | 0 |
_aإضاءة في طريق المعرفة / _cالدكتور أحمد أمين حمزة. |
| 264 | 1 |
_a[مكان النشر غير محدد] : _b[الناشر غير محدد]، _c[2025] |
|
| 300 |
_a127،33 صفحة : _bصور ؛ _c24 سم |
||
| 336 |
_2rdacontent _aنص _btxt |
||
| 337 |
_2rdamedia _aبدون وسيط _bn |
||
| 338 |
_2rdacarrier _aمجلد _bnc |
||
| 500 | _aيشتمل على قائمة بالمنشورات العلمية الخاصة بالمؤلف. | ||
| 541 |
_cDonation ; _aProf. Ahmed Hamza. |
||
| 600 | 1 | 7 |
_aحمزة، أحمد أمين _xيوميات. _2BUEsh |
| 650 | 7 |
_aالفيزيائيون المصريون _vتراجم. _2BUEsh |
|
| 655 | _vReading book | ||
| 942 | _2ddc | ||
| 999 |
_c30944 _d30915 |
||